<?xml version="1.0" encoding="UTF-8"?><?xml-stylesheet type="text/xsl" href="static/style.xsl"?><OAI-PMH xmlns="http://www.openarchives.org/OAI/2.0/" xmlns:xsi="http://www.w3.org/2001/XMLSchema-instance" xsi:schemaLocation="http://www.openarchives.org/OAI/2.0/ http://www.openarchives.org/OAI/2.0/OAI-PMH.xsd"><responseDate>2026-06-05T15:55:58Z</responseDate><request verb="GetRecord" identifier="oai:riuma.uma.es:10630/35729" metadataPrefix="marc">https://riuma.uma.es/rest/oai/request</request><GetRecord><record><header><identifier>oai:riuma.uma.es:10630/35729</identifier><datestamp>2026-04-15T05:57:48Z</datestamp><setSpec>com_10630_2254</setSpec><setSpec>col_10630_37956</setSpec></header><metadata><record xmlns="http://www.loc.gov/MARC21/slim" xmlns:dcterms="http://purl.org/dc/terms/" xmlns:doc="http://www.lyncode.com/xoai" xmlns:xsi="http://www.w3.org/2001/XMLSchema-instance" xsi:schemaLocation="http://www.loc.gov/MARC21/slim http://www.loc.gov/standards/marcxml/schema/MARC21slim.xsd">
   <leader>00925njm 22002777a 4500</leader>
   <datafield ind2=" " ind1=" " tag="042">
      <subfield code="a">dc</subfield>
   </datafield>
   <datafield ind2=" " ind1=" " tag="720">
      <subfield code="a">Pérez-Tortosa, Francesc</subfield>
      <subfield code="e">author</subfield>
   </datafield>
   <datafield ind2=" " ind1=" " tag="260">
      <subfield code="c">2024</subfield>
   </datafield>
   <datafield ind2=" " ind1=" " tag="520">
      <subfield code="a">La violencia sobre la mujer en la pareja íntima heterosexual ha pasado de ser una cuestión privada a un problema social gracias, en buena medida, al movimiento feminista. Conforme al feminismo de la segunda ola –que parte de una concepción estereotipada de esta violencia–, se ha implementado en España una política legislativa informada por el recurso preferente al derecho penal y por las políticas públicas de actuación obligatoria, que se traducen –entre otras medidas– en la prohibición de la mediación y de la conciliación en todo caso. En este trabajo se aboga por un derecho penal que persiga al infractor y proteja a la víctima de la misma forma, con independencia del sexo, del género y de la orien-tación sexual tanto de la víctima como del victimario. Además, se defiende –en línea parcialmente con el feminismo de la tercera ola– que solo se apliquen restricciones a la autonomía de la víctima cuando se verifique que, efectivamente, esta ha visto mermada su capacidad volitiva como consecuencia del delito.</subfield>
   </datafield>
   <datafield ind1="8" ind2=" " tag="024">
      <subfield code="a">Pérez Tortosa, F. (2024). Feminismos y justicia penal. Dykinson. https://hdl.handle.net/10630/35729</subfield>
   </datafield>
   <datafield ind1="8" ind2=" " tag="024">
      <subfield code="a">978-84-1070-856-3</subfield>
   </datafield>
   <datafield ind1="8" ind2=" " tag="024">
      <subfield code="a">https://hdl.handle.net/10630/35729</subfield>
   </datafield>
   <datafield ind1="8" ind2=" " tag="024">
      <subfield code="a">10.14679/3565</subfield>
   </datafield>
   <datafield tag="653" ind2=" " ind1=" ">
      <subfield code="a">Violencia de género</subfield>
   </datafield>
   <datafield tag="653" ind2=" " ind1=" ">
      <subfield code="a">Mujeres maltratadas</subfield>
   </datafield>
   <datafield tag="653" ind2=" " ind1=" ">
      <subfield code="a">Víctimas de delitos</subfield>
   </datafield>
   <datafield tag="653" ind2=" " ind1=" ">
      <subfield code="a">Justicia restaurativa</subfield>
   </datafield>
   <datafield ind2="0" ind1="0" tag="245">
      <subfield code="a">Feminismos y justicia penal.</subfield>
   </datafield>
</record>
</metadata></record></GetRecord></OAI-PMH>